แสดงรายละเอียดบรรณานุกรม
  กลับหน้าหลัก

Brief Record : Get Marc (ISO 2709) : E-mail record : QR code ปิดหน้าต่าง
LEADER 00000nam 2200000uu 4500
008    110801s2553||||th 000 0 tha d
060  0 วจ LC 315.T5 ศ444ฝ 2553.
100 0  ^aศิราณี อิ่มน้ำขาว...[และคนอื่นๆ].
245 00 ^aผลการบูรณาการจิตตปัญญาศึกษาในรายวิชาปฏิบัติการพยาบาลบุคคลที่มีปัญหาสุขภาพ3 : กรณีศึกษาหอผู้ป่วยหนักโรงพยาบาลยโสธร./^bศิราณี อิ่มน้ำขาว...[และคนอื่นๆ].
260    ^aมหาสารคาม : ^bวิทยาลัยพยาบาลศรีมหาสารคาม,^c2553.
300    ^aจำนวน 79 หน้า ;^bภาพประกอบ.
650  0 ^aจิตตปัญญาศึกษา.
650  0 ^aการบูรณาการ - - ^xวิจัย.
650  0 ^aวิชาปฏิบัติการพยาบาลบุคคลที่มีปัญหาสุขภาพ3
700 0  ^aศิราณี อิ่มน้ำขาว.
710 1  ^aสถาบันพระบรมราชชนก. วิทยาลัยพยาบาลศรีมหาสารคาม.
999    ^aใช้งานได้ทุกระบบ
รายการนี้ยังไม่มีแท็ก
คุณยังไม่ได้ล็อกอิน คุณสามารถมีกิจกรรมร่วมกับเว็บไซต์ได้ แต่ต้องล็อกอินก่อน ::
  ล็อกอิน
ลำดับที่ ประเภท เลขเรียก สถานที่ สถานะ
1. งานวิจัย
งานวิจัย
วจ LC 315.T5 ศ444ฝ 2553  
  
หนังสือทั่วไป On Shelf
  ขอยืม
   [แสดง 1/1 รายการ]

รายการใกล้เคียง
    ผู้แต่ง [ศิราณี อิ่มน้ำขาว...[และคนอื่นๆ].]

BibComment


ยังไม่เคยถูกคอมเมนท์

คอมเมนท์ทรัพยากรรายการนี้
  คอมเมนท์: ผลการบูรณาการจิต..
Bib 206226

 
 
 

 Union Library Management : ULibM
Copyright 2026. All Rights Reserved.
скачать бесплатно без регистрации порно красивый секс HD Sex Hindi sex

xxx gou

xxxx

bfxxx

xxxwww

Секса Видео

xxxx

Секса Видео

detube

geilexxx

C99 Shell

worms shell

blod xxx video
Ebony Coed Rihanna Rimes Takes A Dick In Her Young Twat priyaa indian fuck anal and pusssy hardcore indian women xxx desi hardcore fucking part 1 bengalixxxcouple